000 00821nam a22003017a 4500
001 BR9503887
003 BR-BrBNA
005 20230928094623.0
007 ta
008 230509b bl.||||| |||| 00| 0 por d
040 _aBR-BrBNA
_bpor
_cBiblioteca Nacional de Agricultura
041 _a(Por)
072 _aF01; Q60
_b2760
090 _ 2760 BR9503887
110 1 _aCompanhia de Cigarros Souza Cruz, Florianopolis, SC (Brasil). Depto. de Fumo
_92339
245 1 _aCultura e producao do fumo de estufa
260 3 _aFlorianopolis, SC (Brasil):
_c1957.
300 _a58 p.
500 _a27 illus.
650 _aFumo
650 _aEstufa
650 _aSemente
650 _aPratica Cultural
650 _aBeneficiamento
650 _aSanta Catarina
909 _a202309
_bLucia
_c55
_dLucia Elande
942 _cBK
999 _c51694
_d51694